| 000 | 00687nam a22002177a 4500 | ||
|---|---|---|---|
| 999 |
_c11354 _d11354 |
||
| 003 | AR-CdUCM | ||
| 008 | 190403b ||||| |||| 00| 0 spa d | ||
| 040 |
_aMUNICIPALIDAD PROVINCIAL DEL CUSCO _cBIBLIOTECA MUNICIPAL DEL CUSCO |
||
| 082 |
_a340.3 / _bG22 / 1864. |
||
| 100 |
_aGarcia Calderón, Francisco _928682 |
||
| 245 | _aDiccionario de la legislación peruana / | ||
| 260 |
_aLima : _bImprenta de Eusebio Aranda, _c1864. |
||
| 300 |
_a432 paginas ; _c30 cm. |
||
| 500 | _aDedicatoria | ||
| 505 | _aContenido : Diccionario de la legislación peruana | ||
| 650 |
_aDiccionario. _95196 |
||
| 650 |
_aPerú _935 |
||
| 650 |
_aLeyes _94808 |
||
| 942 |
_2ddc _cLIBROS |
||
| 945 | _awnts | ||